Catalog

Record Details

Catalog Search



How to read the Bible for all its worth : a guide to understanding the bible /  Gordon D. Fee and Douglas Stuart Cover Image Book Book

How to read the Bible for all its worth : a guide to understanding the bible /  Gordon D. Fee and Douglas Stuart

Fee, Gordon D. (Author). Stuart, Douglas (Added Author).

Record details

  • ISBN: 0-86201-195-7
  • Physical Description: 237 p.
  • Edition: 1st ed.
  • Publisher: London Scripture Union 1991

Available copies

  • 2 of 2 copies available at Common Catalog SPOK.

Holds

  • 0 current holds with 2 total copies.
Show All Copies
Location Call Number / Copy Notes Barcode Shelving Location Status Due Date
ETS Library 220.61 424470007443 Volný výběr Available -
ETS Library 220.61 424470020379 Volný výběr Available -

LDR 00788nam a2 00265
00133908
003CZ-PrJAB
00520230804152317.0
008000601s1991 xxu e |||| |eng
009us
020 . ‡a0-86201-195-7
035 . ‡a(CONS)3810
035 . ‡aKPS6982
040 . ‡aABG450
041 . ‡aeng
08214. ‡a220.61
100 . ‡71 ‡aFee, Gordon D.
245 . ‡aHow to read the Bible for all its worth : ‡ba guide to understanding the bible /  ‡nGordon D. Fee and Douglas Stuart
250 . ‡a1st ed.
260 . ‡aLondon ‡bScripture Union ‡c1991
300 . ‡a237 p.
653 . ‡aread the bible for all its worth ‡aa guide to understanding the bible
700 . ‡71249 ‡aStuart, Douglas
8524 . ‡bETS ‡bETS ‡cVolný výběr ‡j220.61 ‡gA ‡p424470007443
910 . ‡aABG450
999 . ‡a3810 ‡bAUTOGEN ‡c3810 ‡tbiblio
905 . ‡uadmin
901 . ‡a33908 ‡b ‡c33908 ‡tbiblio ‡sets

Additional Resources